Problemas de la teoría del precio (Registro nro. 5177)

Detalles MARC
000 -LEADER
fixed length control field 00894 a2200229 4500
001 - CONTROL NUMBER
control field 53321
005 - DATE AND TIME OF LATEST TRANSACTION
control field 20260407155807.0
008 - FIXED-LENGTH DATA ELEMENTS--GENERAL INFORMATION
fixed length control field 260407a1965 arg spa d
003 - CONTROL NUMBER IDENTIFIER
control field AR-UNSa-BCEJYS
040 ## - CATALOGING SOURCE
Original cataloging agency AR-UNSa-BCEJYS
Language of cataloging spa
Transcribing agency AR-UNSa-BCEJYS
080 ## - UNIVERSAL DECIMAL CLASSIFICATION NUMBER
Universal Decimal Classification number 338.5.01
Common auxiliary subdivision Teorías de los precios<br/>
100 1# - MAIN ENTRY--PERSONAL NAME
Personal name Allen, Clark Lee
245 10 - TITLE STATEMENT
Title Problemas de la teoría del precio
264 #1 - PRODUCTION, PUBLICATION, DISTRIBUTION, MANUFACTURE, AND COPYRIGHT NOTICE
Place of production, publication, distribution, manufacture México :
Name of producer, publisher, distributor, manufacturer Unión Tipográfica Editorial Hispano-Americana (UTEHA)
Date of production, publication, distribution, manufacture, or copyright notice 1965
300 ## - PHYSICAL DESCRIPTION
Extent 165 p.
Dimensions 26 cm.
505 ## - FORMATTED CONTENTS NOTE
Formatted contents note 1. Demanda - 2. Oferta - 3. Precio del mercado - 4. Teoría de la conducta del consumidor - 5. teoría de la empresa - 6. Equilibrio a corto y largo plazo - 7. Precio del factor e ingreso en una economía modelo
590 ## - LOCAL NOTE (RLIN)
Local note niveau_biblio:m niveau_hierar:0
700 1# - ADDED ENTRY--PERSONAL NAME
Personal name Morgner, Aurelius
700 1# - ADDED ENTRY--PERSONAL NAME
Personal name Vinos Cruz-López, Ricardo
700 1# - ADDED ENTRY--PERSONAL NAME
Personal name Strotz, Robert H.
942 ## - ADDED ENTRY ELEMENTS (KOHA)
Koha item type
Existencias
Withdrawn status Lost status Damaged status Not for loan Home library Current library Shelving location Date acquired Total checkouts Full call number Barcode Date last seen Price effective from Koha item type
        Biblioteca Prof. Eusebio Cleto del Rey Biblioteca Prof. Eusebio Cleto del Rey   07/04/2026   338.5.01 A425 L22409 07/04/2026 07/04/2026 Libro
        Biblioteca Prof. Eusebio Cleto del Rey Biblioteca Prof. Eusebio Cleto del Rey   07/04/2026   338.5.01 A425 L22410 07/04/2026 07/04/2026 Libro